| 000 | 01223nam a22003617a 4500 | ||
|---|---|---|---|
| 003 | CHAP | ||
| 005 | 20220329140417.0 | ||
| 008 | 971013s1937 r 00010 d | ||
| 010 | _a51577 | ||
| 011 | _a52549 | ||
| 035 | _a56699 | ||
| 040 | _cCHAP | ||
| 082 |
_a633.15 _bW35 |
||
| 100 | 0 | 0 |
_aWallace, Henry A. _9120916 |
| 245 | _aCorn and cron growin | ||
| 250 | _a4 ed. | ||
| 260 |
_aNew York : _bWiley, _c(c.1937) |
||
| 300 |
_a436 p. _b: ilus. |
||
| 590 |
_aBATCH-UPD _b10 _c20130110 _lUCH01 _h0646 |
||
| 590 |
_aBATCH-UPD _b10 _c20130410 _lUCH01 _h0331 |
||
| 590 |
_aBATCH-UPD _b10 _c20130914 _lUCH01 _h0748 |
||
| 590 |
_aCONVERSION _b10 _c20130109 _lUCH01 _h1328 |
||
| 650 | 1 | 4 |
_aMaĆz. _970848 |
| 700 | 0 |
_aBressman, Earl N. _915245 |
|
| 901 | _aBK | ||
| 942 | _cLIBRO | ||
| 949 |
_a633.15 W35 _bBC _cLIBRO _d-123749 _eLIBRO _h22266 _i56699 _si |
||
| 949 |
_a633.15 W35 _bBC _cLIBRO _d-123750 _eLIBRO _fc.2 _h22267 _i56699 _si |
||
| 949 |
_a633.15 W35 _bBC _cLIBRO _d-123751 _eLIBRO _fc.3 _h22268 _i56699 _si |
||
| 949 |
_a633.15 W35 _bBC _cLIBRO _d-123752 _eLIBRO _fc.4 _h22269 _i56699 _si |
||
| 949 |
_a633.15 W35 _bBC _cLIBRO _d-123754 _eLIBRO _fc.5 _h22270 _i56699 _si |
||
| 949 |
_a633.15 W35 _bBC _cLIBRO _d-123755 _eLIBRO _fc.6 _h22271 _i56699 _si |
||
| 999 |
_c51577 _d51577 |
||